BCPP a banky mají za sebou jeden z nejúspěšnějších roků v historii

Rok 2025 patril medzi mimoriadne silné obdobie Burzy cenných papierov Praha. Tuzemský kapitálový trh potvrdil svoju rastúcu atraktivitu pre investorov a emitentov, a to ako z pohľadu výkonnosti indexov, tak aj aktivity obchodovania a primárneho trhu. Komu sa darilo najviac?

Na minha lista:
Detalhes bibliográficos
Autor principal: Sobková, Martina
Formato: Capítulo de Livro
Idioma:tcheco
Assuntos:
Tags: Adicionar Tag
Sem tags, seja o primeiro a adicionar uma tag!

MARC

LEADER 00000naa a2200000 4500
001 0315149
005 20260226085200.3
041 0 |a cze 
044 |a CZ 
245 1 0 |a BCPP a banky mají za sebou jeden z nejúspěšnějších roků v historii  |c Martina Sobková 
520 |a Rok 2025 patril medzi mimoriadne silné obdobie Burzy cenných papierov Praha. Tuzemský kapitálový trh potvrdil svoju rastúcu atraktivitu pre investorov a emitentov, a to ako z pohľadu výkonnosti indexov, tak aj aktivity obchodovania a primárneho trhu. Komu sa darilo najviac? 
610 2 0 |a burzy cenných papierov 
610 2 0 |a banky 
610 2 0 |a trh kapitálový 
610 2 0 |a investori 
610 2 0 |a emitenti 
610 2 0 |a výkonnosť 
610 2 0 |a indexy 
610 2 0 |a akcie 
100 1 |a Sobková, Martina